<?xml version="1.0" encoding="UTF-8"?>
<record
    xmlns:xsi="http://www.w3.org/2001/XMLSchema-instance"
    xsi:schemaLocation="http://www.loc.gov/MARC21/slim http://www.loc.gov/standards/marcxml/schema/MARC21slim.xsd"
    xmlns="http://www.loc.gov/MARC21/slim">

  <leader>01887nam a2200325 i 4500</leader>
  <controlfield tag="001">000022202</controlfield>
  <controlfield tag="003">DO-SdBNP</controlfield>
  <controlfield tag="005">20250819112402.0</controlfield>
  <controlfield tag="007">ta</controlfield>
  <controlfield tag="008">100920s1980    dr a          000 j spa d</controlfield>
  <datafield tag="040" ind1=" " ind2=" ">
    <subfield code="a">DO-SdBNP</subfield>
    <subfield code="b">spa</subfield>
    <subfield code="c">BNPHU</subfield>
    <subfield code="e">rda</subfield>
  </datafield>
  <datafield tag="041" ind1=" " ind2=" ">
    <subfield code="a">spa</subfield>
  </datafield>
  <datafield tag="082" ind1=" " ind2="4">
    <subfield code="a">RD863.4408</subfield>
    <subfield code="b">P925c,1980</subfield>
    <subfield code="2">22</subfield>
  </datafield>
  <datafield tag="111" ind1="2" ind2=" ">
    <subfield code="a">Premio Casa de Teatro</subfield>
    <subfield code="n">(3:</subfield>
    <subfield code="d">1979:</subfield>
    <subfield code="c">Santo Domingo)</subfield>
    <subfield code="9">45936</subfield>
  </datafield>
  <datafield tag="245" ind1="0" ind2="0">
    <subfield code="a">Cuentos premiados 1979 /</subfield>
    <subfield code="c">presentaci&#xF3;n, Jos&#xE9; Alc&#xE1;ntara Alm&#xE1;nzar.</subfield>
  </datafield>
  <datafield tag="264" ind1=" " ind2="1">
    <subfield code="a">Santo Domingo :</subfield>
    <subfield code="b">Casa de Teatro,</subfield>
    <subfield code="c">1980.</subfield>
  </datafield>
  <datafield tag="300" ind1=" " ind2=" ">
    <subfield code="a">106 p&#xE1;ginas :</subfield>
    <subfield code="b">ilustraciones ;</subfield>
    <subfield code="c">21 cm.</subfield>
  </datafield>
  <datafield tag="336" ind1=" " ind2=" ">
    <subfield code="a">texto</subfield>
    <subfield code="b">txt</subfield>
    <subfield code="2">rdacontent</subfield>
  </datafield>
  <datafield tag="337" ind1=" " ind2=" ">
    <subfield code="a">sin mediaci&#xF3;n</subfield>
    <subfield code="b">n</subfield>
    <subfield code="2">rdamedia</subfield>
  </datafield>
  <datafield tag="338" ind1=" " ind2=" ">
    <subfield code="a">volumen</subfield>
    <subfield code="b">nc</subfield>
    <subfield code="2">rdacarrier</subfield>
  </datafield>
  <datafield tag="500" ind1=" " ind2=" ">
    <subfield code="a">Recopilaci&#xF3;n de los trabajos galardonados por el II premio Casa de Teatro</subfield>
  </datafield>
  <datafield tag="505" ind1="0" ind2=" ">
    <subfield code="a">Presentaci&#xF3;n --</subfield>
    <subfield code="t">palabras del jurado en la entretga de premios del Tercer concurso de cuentos de Casa de Teatro /</subfield>
    <subfield code="r">Jos&#xE9; Alc&#xE1;ntara Alm&#xE1;nzar --</subfield>
    <subfield code="t">Los hitos /</subfield>
    <subfield code="r">Pedro Peix --</subfield>
    <subfield code="t">Ceremonia post-nupcial /</subfield>
    <subfield code="r">Arturo Rodr&#xED;guez Fern&#xE1;ndez --</subfield>
    <subfield code="t">Mensiones honor&#xED;ficas :</subfield>
    <subfield code="t">Las cosas suceden o no suceden /</subfield>
    <subfield code="r">Arturo Rodr&#xED;guez Fern&#xE1;ndez --</subfield>
    <subfield code="t">Esa oscura jaula donde vuela a su placer el ruise&#xF1;or /</subfield>
    <subfield code="r">Pedro Peix --</subfield>
    <subfield code="t">El sonambulo /</subfield>
    <subfield code="r">Bonaparte Gautreaux --</subfield>
    <subfield code="t">Ya no llueve los lunes /</subfield>
    <subfield code="r">Jos&#xE9; Enrique Garc&#xED;a --</subfield>
    <subfield code="t">Tan solo unos lirios /</subfield>
    <subfield code="r">Mary Rosa Jim&#xE9;nez --</subfield>
    <subfield code="t">Quince a&#xF1;os</subfield>
    <subfield code="t">Primer premio Manuel Rueda --</subfield>
    <subfield code="t">La bella nerudeana --</subfield>
    <subfield code="t">Siglo XX /</subfield>
    <subfield code="r">Inv&#xE1;n Garc&#xED;a --</subfield>
    <subfield code="t">De Hombres y gallos</subfield>
    <subfield code="r">Manuel Rueda --</subfield>
    <subfield code="t">Responso para un cadav&#xE9;r sin flores --</subfield>
    <subfield code="t">Amanda/</subfield>
    <subfield code="r">Francisco Javier Prida Busto.</subfield>
  </datafield>
  <datafield tag="590" ind1=" " ind2=" ">
    <subfield code="a">Inventariado, 2020/VM</subfield>
  </datafield>
  <datafield tag="650" ind1=" " ind2="4">
    <subfield code="a">Cuentos dominicanos</subfield>
    <subfield code="9">503</subfield>
  </datafield>
  <datafield tag="650" ind1=" " ind2="4">
    <subfield code="a">Literatura dominicana.</subfield>
    <subfield code="9">67</subfield>
  </datafield>
  <datafield tag="700" ind1="1" ind2=" ">
    <subfield code="a">Alc&#xE1;ntara Alm&#xE1;nzar, Jos&#xE9;,</subfield>
    <subfield code="d">1946-</subfield>
    <subfield code="e">presentaci&#xF3;n</subfield>
    <subfield code="9">7018</subfield>
  </datafield>
  <datafield tag="710" ind1=" " ind2=" ">
    <subfield code="a">Casa de Teatro (Rep&#xFA;blica Dominicana)</subfield>
    <subfield code="9">26649</subfield>
  </datafield>
  <datafield tag="910" ind1=" " ind2=" ">
    <subfield code="a">Validado. Control de calidad MFF</subfield>
  </datafield>
  <datafield tag="942" ind1=" " ind2=" ">
    <subfield code="2">ddc</subfield>
    <subfield code="c">LBS1</subfield>
  </datafield>
  <datafield tag="952" ind1=" " ind2=" ">
    <subfield code="0">0</subfield>
    <subfield code="1">0</subfield>
    <subfield code="2">ddc</subfield>
    <subfield code="5">1</subfield>
    <subfield code="7">1</subfield>
    <subfield code="8">PD</subfield>
    <subfield code="a">BNPHU</subfield>
    <subfield code="b">PD</subfield>
    <subfield code="c">HD</subfield>
    <subfield code="d">2010-09-20</subfield>
    <subfield code="l">0</subfield>
    <subfield code="o">BNPHU PD RD863.4408 P925c, 1980</subfield>
    <subfield code="p">22202-10</subfield>
    <subfield code="r">2020-06-25</subfield>
    <subfield code="w">2020-06-25</subfield>
    <subfield code="y">LBS1</subfield>
  </datafield>
  <datafield tag="952" ind1=" " ind2=" ">
    <subfield code="0">0</subfield>
    <subfield code="1">0</subfield>
    <subfield code="2">ddc</subfield>
    <subfield code="5">1</subfield>
    <subfield code="7">2</subfield>
    <subfield code="8">PD</subfield>
    <subfield code="a">BNPHU</subfield>
    <subfield code="b">PD</subfield>
    <subfield code="c">HD</subfield>
    <subfield code="d">2013-03-20</subfield>
    <subfield code="e">Compra</subfield>
    <subfield code="l">0</subfield>
    <subfield code="o">BNPHU PD RD863.4408 P925c, 1980</subfield>
    <subfield code="p">22202-20</subfield>
    <subfield code="r">2020-06-25</subfield>
    <subfield code="t">e. 2</subfield>
    <subfield code="w">2020-06-25</subfield>
    <subfield code="y">LBS1</subfield>
  </datafield>
  <datafield tag="952" ind1=" " ind2=" ">
    <subfield code="0">0</subfield>
    <subfield code="1">0</subfield>
    <subfield code="2">ddc</subfield>
    <subfield code="5">6</subfield>
    <subfield code="7">0</subfield>
    <subfield code="8">DS</subfield>
    <subfield code="a">BNPHU</subfield>
    <subfield code="b">BNPHU</subfield>
    <subfield code="c">HD</subfield>
    <subfield code="d">2025-08-19</subfield>
    <subfield code="e">Donado por Ilonka Nacidit Perdomo</subfield>
    <subfield code="l">0</subfield>
    <subfield code="o">BNPHU DS RD863.4408 P925c,1980</subfield>
    <subfield code="p">2025-8495</subfield>
    <subfield code="r">2025-08-19</subfield>
    <subfield code="t">e.3</subfield>
    <subfield code="w">2025-08-19</subfield>
    <subfield code="y">LBS1</subfield>
  </datafield>
  <datafield tag="952" ind1=" " ind2=" ">
    <subfield code="0">0</subfield>
    <subfield code="1">0</subfield>
    <subfield code="2">ddc</subfield>
    <subfield code="5">6</subfield>
    <subfield code="7">0</subfield>
    <subfield code="8">DS</subfield>
    <subfield code="a">BNPHU</subfield>
    <subfield code="b">BNPHU</subfield>
    <subfield code="c">HD</subfield>
    <subfield code="d">2025-08-19</subfield>
    <subfield code="e">Donaci&#xF3;n</subfield>
    <subfield code="l">0</subfield>
    <subfield code="o">BNPHU DS RD863.4408 P925c,1980</subfield>
    <subfield code="p">2025-8496</subfield>
    <subfield code="r">2025-08-19</subfield>
    <subfield code="t">e.4</subfield>
    <subfield code="w">2025-08-19</subfield>
    <subfield code="y">LBS1</subfield>
    <subfield code="z">Perteneci&#xF3; a la biblioteca personal de M&#xF3;nica Despradel.</subfield>
  </datafield>
  <datafield tag="999" ind1=" " ind2=" ">
    <subfield code="c">21700</subfield>
    <subfield code="d">21700</subfield>
  </datafield>
</record>
